|
|
|
|
| LEADER |
01738nam a22004457a 4500 |
| 001 |
35753 |
| 003 |
BD-DhAAL |
| 005 |
20211206112647.0 |
| 008 |
200114t2001 bg b 001 0 eng d |
| 999 |
|
|
|c 42155
|d 42155
|
| 010 |
|
|
|a 2001362038
|
| 020 |
|
|
|a 9789840516032
|
| 020 |
|
|
|a 9840516035
|
| 020 |
|
|
|a 8173042497
|
| 025 |
|
|
|a I-E-2001-362038; 62-92; 61-92; 61-CC
|
| 035 |
|
|
|a (DLC) 200136203
|
| 037 |
|
|
|b Library of Congress -- New Delhi Field Office
|c Rs800.00
|
| 040 |
|
|
|a DLC
|c DLC
|d DLC
|d BD-DhAAL
|
| 042 |
|
|
|a lcode
|
| 043 |
|
|
|a a-ii---
|a a-pk---
|
| 050 |
0 |
0 |
|a DS480.842
|b .P73 2000
|
| 082 |
|
|
|a 320.540954
|
| 100 |
1 |
|
|a Prasad, Bimal,
|d 1925-
|9 38925
|
| 245 |
1 |
2 |
|a A nation within a nation,
|n 1877-1937 /
|c Bimal Prasad.
|
| 260 |
|
|
|a Dhaka :
|b The University Press,
|c 2001
|
| 300 |
|
|
|a 469 pages ;
|c 23 cm.
|
| 362 |
|
|
|a Vol. 2
|
| 490 |
1 |
|
|a Pathway to India's partition ;
|v vol. 2
|
| 500 |
|
|
|a "Issued under the auspices of the Rajendra Prasad Academy, New Delhi."
|
| 504 |
|
|
|a Includes bibliographical references (pages [455]-462) and index.
|
| 526 |
|
|
|a BIED
|
| 541 |
|
|
|a Complimentary copy from BIED
|e 35753
|
| 650 |
|
|
|a Nationalism
|z India.
|9 38926
|
| 650 |
|
|
|a Muslims
|x Political activity
|z India.
|9 38927
|
| 651 |
|
|
|a India
|x Politics and government
|y 1919-1947.
|9 38928
|
| 710 |
2 |
|
|a Rajendra Prasad Academy.
|9 38929
|
| 800 |
1 |
|
|a Prasad, Bimal,
|d 1925-
|t Pathway to India's partition ;
|v vol. 2.
|9 38930
|
| 852 |
|
|
|a Ayesha Abed Library
|c BIED Collection
|
| 942 |
|
|
|2 ddc
|c BK
|
| 952 |
|
|
|0 0
|1 0
|2 ddc
|4 0
|6 320_540954000000000_PRA
|7 0
|9 67713
|a BRACUL
|b BRACUL
|c GEN
|d 2020-01-14
|e Complimentary copy from BIED
|l 0
|o 320.540954 PRA
|p 3010035753
|r 2020-01-14
|t 1
|w 2020-01-14
|y BK
|x Transferred from BIED to General Stacks
|